| 000 | 00736nam a2200193Ia 4500 | ||
|---|---|---|---|
| 008 | 081213s9999 xx 000 0 und d | ||
| 020 | _c9966886974 | ||
| 050 |
_aBR1430 _b.U88 1997 |
||
| 100 | _aUtuk, Efiong | ||
| 245 |
_aVisions of Authenticity _cEfiong Utuk |
||
| 260 | _c1997 | ||
| 300 |
_aix,271 p.; _c23cm |
||
| 500 | _aIncludes Bibliographical References and Index | ||
| 650 |
_aTheology _2Doctrinal |
||
| 700 | _aUtuk, Efiong | ||
| 942 |
_cBK _2lcc |
||
| 999 |
_c26389 _d26389 |
||